000 01073cam a22002531i 4500
003 OSt
005 20241010090249.0
008 241009s2012 le g 000 0 ara c
040 _aSA-RiAUC
_bara
_cSA-RiAUC
_erda
082 0 4 _a081
_qSA-RiAUC
090 _a081
_bح ب ش
100 1 _aحبشي، وديع فلسطين،
_d1923-
_eمؤلف.
245 1 0 _aمن مقالات وديع فلسطين في الأدب والتراجم .
250 _aالطبعة الأولى.
264 1 _aبيروت :
_bدار البشائر الإسلامية للطبع والنشر والتوزيع،
_c2012
300 _a302 صفحة ؛
_c24 × 17 سم.
336 _aنص
_btxt
_2rdacontent
_3كتاب
337 _aبدون وسيط
_bn
_2rdamedia
338 _aمجلد
_bnc
_2rdacarrier
490 0 _aإصدارات مكتبة ومركز فهد بن محمد بن نايف الدبوس للنشر الأدبي (الكويت) ؛
_v9
650 7 _aالمقالات العربية
_zفلسطين
_yقرن 21
_2aucsh
942 _2ddc
_cBOOK
_n0
949 _aSA-JeALM
_d241009
_umohamedma123
_n1
999 _c1150
_d1150